[Event "19th Winter Open"]
[Site "Nice FRA"]
[Date "2003.12.30"]
[Round "7"]
[White "Van Hoolandt,P"]
[Black "Cornette,M"]
[Result "0-1"]
[WhiteElo "2272"]
[BlackElo "2399"]

1.c4 c6 2.Nf3 d5 3.cxd5 cxd5 4.d4 Nc6 5.Nc3 Nf6 6.Bf4 Nh5 7.Bd2 e6 8.e3 Bd6
9.Ne5 g6 10.Nd3 f5 11.g3 Nf6 12.f4 h6 13.Be2 g5 14.Rf1 Bd7 15.a3 Qe7 16.Ne5 Rg8
17.Nb5 g4 18.Bd3 Bb8 19.Qb3 a6 20.Nxc6 Bxc6 21.Bb4 Qd8 22.Nc3 a5 23.Bc5 a4
24.Qd1 h5 25.Rc1 Kf7 26.Kf2 h4 27.Be2 Rh8 28.Rh1 Qd7 29.Qd2 Bc7 30.Bd3 Rh6
31.Na2 Rah8 32.Kg2 Kg8 33.Rcg1 Qh7 34.Qe1 hxg3 35.Qxg3 Rh3 36.Qf2 Rf3 37.Qxf3 gxf3+
38.Kxf3+ Kf7 39.h4 Qh5+ 40.Kf2 Ne4+ 41.Bxe4 fxe4 42.Nc3 Qf3+  0-1

[Event "Christmas Open"]
[Site "Zurich SUI"]
[Date "2003.12.30"]
[Round "7"]
[White "Haas,C"]
[Black "Maeser,F"]
[Result "0-1"]
[WhiteElo "2211"]
[BlackElo "2286"]

1.c4 c6 2.d4 d5 3.Nc3 Nf6 4.Nf3 a6 5.cxd5 cxd5 6.Ne5 e6 7.g3 Nbd7 8.Nxd7 Bxd7
9.Bg2 Be7 10.O-O O-O 11.a3 Rc8 12.Qd3 Bc6 13.Bd2 Ne8 14.Na2 Bb5 15.Qe3 Nd6
16.Bc3 Bg5 17.f4 Bf6 18.g4 g6 19.Bf3 Qb6 20.Kh1 Rc4 21.Rfd1 Rfc8 22.b3 R4c7
23.a4 Bd7 24.Bb4 a5 25.Bc5 Qa6 26.Rac1 Ne4 27.Bxe4 dxe4 28.Nc3 Bg7 29.Nxe4 b6
30.Ba3 Qb7 31.Kg1 Rxc1 32.Bxc1 Qd5 33.Qf3 Bc6 34.Ng5 Qxd4+  0-1

[Event "Open"]
[Site "Lilie Litomysl CZE"]
[Date "2004.01.01"]
[Round "9"]
[White "Mejzlik,O"]
[Black "Vales,V"]
[Result "0-1"]
[WhiteElo "2029"]
[BlackElo "2213"]

1.c4 c6 2.Nc3 d5 3.cxd5 cxd5 4.d4 Nf6 5.Nf3 Nc6 6.Bf4 e6 7.e3 Be7 8.Bd3 O-O
9.O-O Nh5 10.Bg3 f5 11.Ne5 Nxg3 12.Nxc6 bxc6 13.hxg3 c5 14.dxc5 Bxc5 15.Qd2 Bd7
16.a3 a5 17.Ne2 Qb6 18.Rab1 Rab8 19.Rfc1 Rfc8 20.Nf4 Bd6 21.Rxc8+ Bxc8 22.Kh2 Bd7
23.Ne2 Kh8 24.Nf4 Kg8 25.Ne2 Kf7 26.Nc3 h5 27.Kg1 Qb3 28.Bc2 Qc4 29.Bd3 Qg4
30.Be2 Qg5 31.Rd1 h4 32.f4 Qxg3 33.Bh5+ g6 34.Ne2 Rxb2 35.Nxg3 Rxd2 36.Rxd2 hxg3
37.Bd1 Bxa3 38.Rc2 Ke7 39.Kf1 Kd6 40.Ke2 Bc6 41.Ra2 Bb4 42.Ba4 Bb7 43.Be8 d4
44.exd4 Bxg2 45.Ra1 Be4 46.Ke3 Bc3 47.Rd1 Kd5 48.Ba4 Kc4  0-1

[Event "10th Open"]
[Site "Bosnjaci CRO"]
[Date "2004.01.06"]
[Round "6"]
[White "Goric,E"]
[Black "Tarakcija,H"]
[Result "1-0"]
[WhiteElo "2385"]
[BlackElo "2253"]

1.c4 c6 2.g3 d5 3.Bg2 Nf6 4.Qc2 dxc4 5.Na3 e6 6.Nxc4 Be7 7.Nf3 O-O 8.O-O b6
9.d4 Bb7 10.Rd1 Na6 11.a3 Rc8 12.b4 Nb8 13.Nfe5 Nd5 14.Bd2 f6 15.Nd3 Re8
16.e4 Nc7 17.Qb3 Kh8 18.Rac1 Bf8 19.h4 Qe7 20.h5 Qf7 21.Bf3 Nd7 22.Ne3 Kg8
23.Kg2 Nb5 24.a4 Nd6 25.e5 Nf5 26.Nxf5 exf5 27.Qxf7+ Kxf7 28.b5 Nb8 29.Rc2 cxb5
30.Rxc8 Bxf3+ 31.Kxf3 Rxc8 32.axb5 Nd7 33.Ra1 Rc7 34.exf6 Nxf6 35.Ne5+ Ke6
36.Nc6 Kd5 37.Nxa7 Rc2 38.Bc1 Ng4 39.Be3 Nh2+ 40.Kf4 Ke6 41.d5+ Kxd5 42.Kxf5 Bc5
43.Rd1+ Kc4 44.Rd7 Bxe3 45.fxe3 Rf2+ 46.Ke4 Ng4 47.Rc7+ Kb4 48.Rxg7 Nf6+
49.Kd3 Nxh5 50.Rg4+ Kb3 51.Nc6  1-0

[Event "TCh-FIN 2003-4"]
[Site "Finland FIN"]
[Date "2004.01.10"]
[Round "6"]
[White "Kauko,J"]
[Black "Westerinen,H"]
[Result "0-1"]
[WhiteElo "2254"]
[BlackElo "2351"]

1.c4 c6 2.e4 d5 3.cxd5 cxd5 4.exd5 Nf6 5.Bb5+ Nbd7 6.Nc3 g6 7.Nf3 Bg7 8.O-O O-O
9.Bxd7 Qxd7 10.Qb3 Rd8 11.Re1 Nxd5 12.d4 e6 13.Ne5 Qc7 14.Bd2 Qb6 15.Nxd5 Rxd5
16.Qxb6 axb6 17.Bc3 b5 18.a3 Bd7 19.Rad1 Be8 20.f4 b6 21.Kf2 Rad8 22.Rd2 h5
23.g3 Bf8 24.Red1 Rc8 25.Rd3 f6 26.Nf3 Kf7 27.Ne1 Bc6 28.Nc2 Rd7 29.Nb4 Be4
30.Re3 Bf5 31.Kg2 Bh6 32.Ree1 Rc4 33.h3 Bf8 34.Kh2 Rd6 35.d5 exd5 36.Rxd5 Rc5
37.Rxd6 Bxd6 38.Rd1 Bf8 39.Bd4 Rc8 40.Bxb6 Bxb4 41.axb4 Rc2+ 42.Kh1 Rxb2
43.Bc5 Bxh3 44.Re1 Be6 45.Kg1 Rd2 46.Re3 g5 47.fxg5 fxg5 48.Rf3+ Kg6 49.Be7 Bf5
50.Re3 Rd5 51.Re2 Rd3 52.Kf2 Rd5 53.Kg1 Bg4 54.Rc2 Kf7 55.Rc7 Ke6 56.Kf2 Rf5+
57.Kg1 Rf7 58.Bd8 Rf3 59.Kg2 Rb3 60.Bxg5 Rxb4 61.Kf2 Rb2+ 62.Ke3 Rb3+ 63.Kf2 Rf3+
64.Kg2 b4 65.Rb7 b3 66.Bf4 Rc3 67.Kf2 Kd5 68.Ke1 Ke4 69.Rb4+ Kd5 70.Rb8 Be6  0-1

[Event "TCh-FIN 2003-4"]
[Site "Finland FIN"]
[Date "2004.01.10"]
[Round "6"]
[White "Jarvinen,R"]
[Black "Eriksson,Jon FIN"]
[Result "0-1"]
[WhiteElo "1931"]
[BlackElo "2172"]

1.c4 c6 2.g3 d5 3.Nf3 Nf6 4.b3 g6 5.Bb2 Bg7 6.Bg2 O-O 7.O-O Re8 8.d4 Bf5
9.Nbd2 Nbd7 10.Nh4 Be6 11.f4 Ng4 12.f5 gxf5 13.Rf3 Qb6 14.e3 dxc4 15.Qc2 cxb3
16.axb3 Bd5 17.Qxf5 Bxf3 18.Ndxf3 Ndf6 19.e4 Qxb3 20.Bc1 Qe6 21.h3 Nh6 22.Qxe6 fxe6
23.Ng5 Nxe4 24.Nxe4 Bxd4+ 25.Kf1 Bxa1 26.Bxh6 Bg7 27.Be3 a5 28.Bc5 a4 29.Ba3 Ra5
30.Nf3 Rb5 31.Nfd2 Bb2 32.Bxb2 Rxb2 33.Nc4 Rb4 34.Ned2 b5 35.Na3 Rc8 36.Ke1 Rb2
37.Be4 c5 38.Bb7 Rd8 39.Ne4 Rd3 40.Nxb5 Rxb5 41.Ba6 Rb1+ 42.Ke2 a3  0-1

[Event "Excelsior Cup"]
[Site "Goteborg SWE"]
[Date "2004.01.10"]
[Round "3"]
[White "Gavrikov,Vi"]
[Black "Akesson,J"]
[Result "1/2-1/2"]
[WhiteElo "2565"]
[BlackElo "2333"]

1.c4 c6 2.e4 d5 3.exd5 cxd5 4.cxd5 Nf6 5.Nc3 Nxd5 6.Nf3 e6 7.Bc4 Be7 8.O-O O-O
9.d4 b6 10.Nxd5 exd5 11.Bb3 Nc6 12.Ne5 Nxe5 13.dxe5 Ba6 14.Re1 d4 15.Qg4 Kh8
16.Bd2 Bc5 17.Rad1 Qc8 18.Qh5 d3 19.Re4 Qc6 20.Rf4 Bb7 21.Qh3 Qg6 22.Bc3 Rad8
23.Qg3 Qxg3 24.hxg3 Kg8 25.Bc4 g5 26.Rf5 h6 27.Rxd3 Rxd3 28.Bxd3 Rd8 29.Bc4 Bd5
30.Bxd5 Rxd5 31.Kf1 Bd4 32.Bxd4 Rxd4 33.Ke2 Re4+ 34.Kd3 Re1 35.g4 Kg7 36.g3 Rb1
37.Kc2 Re1 38.Kd2 Rb1 39.Kc3 Rc1+ 40.Kb3 Re1 41.a4 Re4 42.f3 Re2 43.Kc3 Rg2
44.b4 Rxg3 45.a5 bxa5 46.bxa5 Rg1 47.Kc4 Rb1 48.Kc5 a6 49.Kc6 Rb3 50.Kc7 Rb4
51.Rf6 Rb5 52.Rf5 Rb4 53.Kd6 Rb3 54.Kc5 Rb5+ 55.Kc6 Rb4 56.Kd6 Rb3 57.Kc6 Rb4
58.Kc7 Rb3 59.f4 gxf4 60.Rxf4 Rb5 61.Rf5 Rb4 62.Kd6 Rb3 63.Rf6 Rb5 64.Rf5 Rb4
65.Ke7 Rb7+ 66.Ke8 Rb8+ 67.Ke7  1/2-1/2

[Event "ch-Commonwealth"]
[Site "Mumbai IND"]
[Date "2004.01.12"]
[Round "3"]
[White "Sahu,S"]
[Black "Tejdeep,A"]
[Result "1-0"]
[WhiteElo "2277"]
[BlackElo "2002"]

1.c4 c6 2.d4 d5 3.Nf3 Nf6 4.e3 Bf5 5.cxd5 cxd5 6.Nc3 e6 7.Qb3 Qc7 8.Ne5 Nbd7
9.Be2 Be7 10.g4 Nxe5 11.dxe5 Be4 12.exf6 Bxh1 13.Qa4+ Kf8 14.fxe7+ Kxe7 15.Qb4+ Ke8
16.Nb5 Qe7 17.Nd6+ Kd7 18.Bd2 d4 19.e4 a5 20.Qxb7+  1-0

[Event "Excelsior Cup"]
[Site "Goteborg SWE"]
[Date "2004.01.14"]
[Round "7"]
[White "Gavrikov,Vi"]
[Black "Johannessen,LE"]
[Result "1/2-1/2"]
[WhiteElo "2565"]
[BlackElo "2500"]

1.c4 c6 2.e4 d5 3.exd5 cxd5 4.cxd5 Nf6 5.Nc3 Nxd5 6.Nf3 e6 7.Bc4 Be7 8.O-O O-O
9.d4 Nc6 10.Re1 Bf6 11.Ne4 b6 12.a3 Bb7 13.Qd3 Nce7 14.Bd2 Ng6 15.Rad1 Rc8
16.Neg5 Bxg5 17.Bxg5 Qc7 18.Rc1 Ndf4 19.Qe3 Qb8  1/2-1/2

[Event "Welsh International"]
[Site "Newport WLS"]
[Date "2004.01.14"]
[Round "8"]
[White "Cobb,C"]
[Black "Devereaux,M"]
[Result "1-0"]
[WhiteElo "2406"]
[BlackElo "2331"]

1.c4 c6 2.Nc3 d5 3.e3 Nf6 4.d4 a6 5.Qc2 e6 6.Nf3 Nbd7 7.b3 b5 8.Bd3 Bb7 9.O-O Be7
10.e4 bxc4 11.bxc4 dxe4 12.Nxe4 c5 13.Rb1 Bxe4 14.Bxe4 Rb8 15.Bf4 Rxb1 16.Rxb1 O-O
17.Bb7 cxd4 18.Nxd4 Nc5 19.Nc6 Qd7 20.Nxe7+ Qxe7 21.Bf3 e5 22.Be3 Qc7 23.h3 Re8
24.Qf5 Ne6 25.Bd5 Nd4 26.Bxd4 exd4 27.Rd1 Re5 28.Qf3 Qd6 29.g3 Nxd5 30.Rxd4 g6
31.Rxd5 Rxd5 32.Qxd5 Qa3 33.c5 Qc1+ 34.Kg2 h5 35.c6 Qc2 36.h4 Kf8 37.Qd8+ Kg7
38.Qd4+ Kg8 39.Qd8+ Kg7 40.Qd5 Kf8 41.Qd6+ Kg7 42.c7 Qe4+ 43.Kh2 Qc2 44.Qe5+ Kg8
45.Kg2 Qc6+ 46.Kf1 Qc4+ 47.Ke1 Kh7 48.Qd6 Qc1+ 49.Ke2 Qc2+ 50.Kf3 Qf5+ 51.Ke3 Kg7
52.Qc6 Qc8 53.Kd4 Kf8 54.Kc5 Ke7 55.Qd6+ Ke8 56.Kb6  1-0

[Event "GMC"]
[Site "Wijk aan Zee NED"]
[Date "2004.01.15"]
[Round "5"]
[White "Janssen,R"]
[Black "Smeets,J"]
[Result "0-1"]
[WhiteElo "2489"]
[BlackElo "2505"]

1.c4 c6 2.Nf3 d5 3.d4 Nf6 4.Nc3 dxc4 5.a4 Bf5 6.Nh4 Bc8 7.Nf3 Bf5 8.Nh4 Bc8
9.e3 e5 10.Bxc4 exd4 11.exd4 Qe7+ 12.Be2 Qc7 13.O-O Bd6 14.Bg5 Nbd7 15.Nf5 Bxh2+
16.Kh1 Bf4 17.Nxg7+ Kf8 18.Bxf6 Nxf6 19.Nh5 Nxh5 20.Bxh5 Bf5 21.Qf3 Bg6 22.g3 Bg5
23.Rfe1 Rd8 24.Ne4 Be7 25.Rad1 Qa5 26.Nc5 Bxc5 27.dxc5 Rxd1 28.Rxd1 Qxc5
29.Bxg6 hxg6+ 30.Kg2 Qe7 31.Rd4 Rh5 32.Re4 Qc5 33.g4 Re5 34.Rxe5 Qxe5 35.Qa3+ Kg7
36.a5 Qd4 37.Kg3 g5 38.f3 Kf6 39.Qb3 b5 40.axb6 axb6 41.Qc2 Qd6+ 42.Kg2 Ke7
43.Qe4+ Qe6 44.Qb4+ c5 45.Qb5 Kd8 46.Kf2 Kc7 47.Kg2 Qd5 48.Kf2 Qd4+ 49.Kg2 f6
50.Kg3 c4 51.Kg2 Kd6 52.Qb4+ Kc6 53.Qa4+ Kc5 54.b4+ Kd6 55.Qe8 Qe5 56.Qc8 c3
57.b5 Kd5 58.Qc6+ Kd4 59.Qxb6+ Kd3 60.Qd8+ Ke2 61.Qc8 Kd2 62.Qd7+ Ke1 63.Qc6 Qe2+
64.Kg1 c2 65.b6 Qe3+  0-1

[Event "Excelsior Cup"]
[Site "Goteborg SWE"]
[Date "2004.01.16"]
[Round "9"]
[White "Marin,M"]
[Black "Hultin,J"]
[Result "1-0"]
[WhiteElo "2531"]
[BlackElo "2300"]

1.c4 c6 2.e4 d5 3.exd5 cxd5 4.d4 Nf6 5.Nc3 e6 6.Nf3 Be7 7.cxd5 Nxd5 8.Bd3 O-O
9.O-O Nc6 10.Re1 Bf6 11.Be4 Nce7 12.Qd3 g6 13.Bh6 Re8 14.Rad1 Bd7 15.Bxd5 Nxd5
16.Nxd5 exd5 17.Ne5 Be6 18.h3 Rc8 19.Rd2 Re7 20.Qg3 Rec7 21.Rde2 Bh4 22.Qf4 Rc2
23.Nxf7 Bxf7 24.Re8+ Qxe8 25.Rxe8+ Rxe8 26.Qxh4 Rc6 27.Bf4 Rce6 28.Be5 Rxe5
29.dxe5 Rxe5 30.Qd8+ Kg7 31.Qa5  1-0

[Event "TCh-BEL 2003-4"]
[Site "Belgium BEL"]
[Date "2004.01.18"]
[Round "7"]
[White "Abolianin,A"]
[Black "Khenkin,I"]
[Result "0-1"]
[WhiteElo "2421"]
[BlackElo "2611"]

1.c4 c6 2.g3 d5 3.Bg2 Nf6 4.Qc2 e5 5.d3 d4 6.Nf3 Bd6 7.O-O O-O 8.e4 dxe3
9.Bxe3 Bg4 10.h3 Bh5 11.Nc3 Nbd7 12.Rad1 Re8 13.Rd2 Bxf3 14.Bxf3 Bc5 15.d4 exd4
16.Bxd4 Qe7 17.b3 h5 18.h4 Bxd4 19.Rxd4 Ne5 20.Bg2 Rad8 21.Rfd1 Rxd4 22.Rxd4 Neg4
23.Rd1 Qe5 24.Qd2 Nxf2 25.Kxf2 Ng4+ 26.Kg1 Qxg3  0-1

[Event "Itau Cup 450th Ann"]
[Site "Sao Paulo BRA"]
[Date "2004.01.21"]
[Round "6"]
[White "Soppe,G"]
[Black "Dianda,J"]
[Result "1-0"]
[WhiteElo "2435"]
[BlackElo "2114"]

1.c4 c6 2.Nf3 d5 3.e3 Nf6 4.Nc3 Bf5 5.cxd5 Nxd5 6.d4 e6 7.Bc4 Nd7 8.O-O Bd6
9.Re1 N5b6 10.Bf1 O-O 11.e4 Bg4 12.h3 Bh5 13.Be3 a5 14.Rc1 a4 15.a3 Qb8 16.e5 Be7
17.g4 Bg6 18.h4 h6 19.h5 Bh7 20.g5 hxg5 21.Nxg5 Bxg5 22.Bxg5 Kh8 23.Re3 f6
24.exf6 gxf6 25.Bh4 Rg8+ 26.Bg2 Qf4 27.Bg3 Qf5 28.Qe2 Rae8 29.Ne4 Nd5 30.Nd6 Qg5
31.Nf7+  1-0

[Event "TCh-AUT 2003-4"]
[Site "Velden AUT"]
[Date "2004.01.22"]
[Round "4"]
[White "Rotstein,A"]
[Black "Mueller,Ka"]
[Result "1-0"]
[WhiteElo "2519"]
[BlackElo "2517"]

1.c4 c6 2.Nf3 d5 3.d4 Nf6 4.Qc2 Bg4 5.Ne5 e6 6.cxd5 exd5 7.Nc3 Nbd7 8.Bg5 Be7
9.Nxg4 Nxg4 10.Bxe7 Qxe7 11.e3 O-O 12.Bd3 Ngf6 13.O-O Nb6 14.Rae1 Rfe8 15.f3 Qd6
16.Qf2 Rad8 17.Ne2 Rd7 18.Ng3 g6 19.Kh1 Kg7 20.h3 h5 21.Ne2 a6 22.Nf4 Rh8
23.h4 Na4 24.Re2 c5 25.Qg3 c4 26.Bf5 Rdd8 27.Ne6+ Kh7 28.Qg5 Rdg8 29.Qxf6 fxe6
30.Bxe6 Rd8 31.Qf7+ Kh6 32.Qf4+ Qxf4 33.exf4 Rhe8 34.Rfe1 Rd6 35.f5 gxf5
36.Bxf5 Rxe2 37.Rxe2 Rb6 38.Re7  1-0

[Event "Winter Open"]
[Site "Belgrade SCG"]
[Date "2004.01.25"]
[Round "5"]
[White "Jovanovic,ST"]
[Black "Damjanovic,D"]
[Result "1/2-1/2"]
[WhiteElo "2297"]
[BlackElo "2319"]

1.c4 c6 2.g3 d5 3.Bg2 Nf6 4.Nf3 Bf5 5.cxd5 cxd5 6.O-O e6 7.d3 Be7 8.Nc3 Nc6
9.Qa4 O-O 10.e4 Bg6 11.Nh4 Bh5 12.exd5 Nxd5 13.Nxd5 exd5 14.Nf5 Bb4 15.a3 Ba5
16.Bf4 Be2 17.Rfc1 Bxd3 18.Nd6 Ba6 19.b4 Bc7 20.b5 Bxd6 21.bxa6 b5 22.Qxb5 Nd4
23.Qd3 Bxf4 24.gxf4 Qf6 25.f5 Rab8 26.Rd1 Nxf5 27.Bxd5 Rb6 28.Bb7 Rd6 29.Qf3 Rfd8
30.Rab1 Qg6+ 31.Kf1 Nd4 32.Qg2 Qc2 33.Qh3 Qc5 34.Rbc1 Qe5 35.Qe3 Qf6 36.Re1 g6
37.Qe5 Qh4 38.Qg3 Qh5 39.Rc3 Qb5+ 40.Kg2 Kg7 41.Re8  1/2-1/2

[Event "1st WinTV Open"]
[Site "Chennai IND"]
[Date "2004.01.27"]
[Round "8"]
[White "Shantharam,K"]
[Black "Murali Krishnan,B"]
[Result "0-1"]
[WhiteElo "2211"]
[BlackElo "2319"]

1.c4 c6 2.d4 d5 3.cxd5 cxd5 4.Nc3 Nf6 5.Nf3 Nc6 6.Bf4 Ne4 7.e3 Nxc3 8.bxc3 g6
9.Be2 Bg7 10.O-O O-O 11.Rb1 a6 12.a4 Na5 13.Rb4 Be6 14.Qa1 Rc8 15.Rc1 Re8
16.Qb2 Bg4 17.h3 Bxf3 18.Bxf3 e6 19.Qa2 Bf8 20.Rbb1 Bd6 21.Bxd6 Qxd6 22.e4 dxe4
23.Bxe4 Rc7 24.Ra1 Rec8 25.Qb2 Qd7 26.Qb4  0-1

[Event "Open"]
[Site "Marianske Lazne CZE"]
[Date "2004.01.28"]
[Round "6"]
[White "Baeuml,U"]
[Black "Prussakov,K"]
[Result "1-0"]
[WhiteElo "2130"]
[BlackElo "2192"]

1.c4 c6 2.g3 d5 3.Bg2 Nf6 4.Nf3 Bg4 5.b3 e6 6.Bb2 Nbd7 7.O-O Bd6 8.d3 Qe7
9.Nbd2 O-O 10.Qc2 a5 11.a3 Rfe8 12.e4 dxe4 13.Nxe4 Nxe4 14.dxe4 e5 15.h3 Be6
16.Nh4 g6 17.Nf5 Bxf5 18.exf5 e4 19.fxg6 hxg6 20.Rfe1 f5 21.Rad1 Be5 22.Bxe4 Rad8
23.Bg2 Qg7 24.Bxe5 Nxe5 25.Rxd8 Rxd8 26.Qc3 Re8 27.Qxa5 Re7 28.Qd8+ Kf7 29.Kh1 Rd7
30.Qc8 Kf6 31.f4 Nd3 32.Re8 Nf2+ 33.Kg1 Ne4 34.Bxe4 fxe4 35.Rxe4 Re7 36.Qd8  1-0

[Event "X It Chiuso"]
[Site "Montecatini Terme ITA"]
[Date "2004.01.30"]
[Round "9"]
[White "Vezzosi,P"]
[Black "Trabert,B"]
[Result "1-0"]
[WhiteElo "2355"]
[BlackElo "2247"]

1.c4 c6 2.b3 d5 3.Bb2 Bf5 4.Nf3 e6 5.g3 Nf6 6.Bg2 Nbd7 7.d3 h6 8.Nbd2 Bc5
9.O-O O-O 10.Qe1 Qe7 11.a3 a5 12.e4 dxe4 13.dxe4 Bh7 14.e5 Ne8 15.Ne4 Bxe4
16.Qxe4 Nc7 17.h4 Rfd8 18.h5 Nf8 19.Rfe1 Rd7 20.Bf1 Rad8 21.Kg2 Na6 22.Qc2 Nh7
23.Bc3 Bxa3 24.Bxa5 Rb8 25.Red1 Rxd1 26.Rxd1 Bb4 27.Bxb4 Qxb4 28.Rd6 Nc5
29.Nd2 Nf8 30.Be2 Ra8 31.Qb2 Nfd7 32.Bd1 Nf8 33.Bc2 Rc8 34.Qd4 Ra8 35.Ne4 Nxe4
36.Qxe4 Qa5 37.Qe3 c5 38.g4 Qc7 39.g5 hxg5 40.Qxg5 Nh7 41.Qg3 Qe7 42.f4 Ra2
43.Rd2 Ra8 44.Qd3 Nf8 45.Kh3 f5 46.Bd1 Ra1 47.Bf3 Ra3 48.Bd1 Ra1 49.Qd8 Qf7
50.Qg5 Ra8 51.Bf3 Ra3 52.Bd1 Ra8 53.Kg3 Ra3 54.Rd8 Ra1 55.Rd3 Rb1 56.Kh3 Rc1
57.Bf3 Rb1 58.Qd8 Rf1 59.Kg2 Rb1 60.Qd6 g6 61.Bd1 gxh5 62.Rg3+ Kh7 63.Rg5 Ng6
64.Rxh5+ Kg7 65.Rg5 Kh7 66.Qd2 b6 67.Kf2 Qb7 68.Bf3 Qe7 69.Bh5 Nf8 70.Bd1 Ng6
71.Bh5 Nf8 72.Qd3 Rh1 73.Qf3 Rh2+ 74.Kg3 Rb2 75.Bg6+ Kg7 76.Bxf5+ Qxg5+ 77.fxg5  1-0

[Event "OSS January It"]
[Site "Oslo NOR"]
[Date "2004.01.30"]
[Round "7"]
[White "Olsen,H"]
[Black "Hole,O"]
[Result "1/2-1/2"]
[WhiteElo "2255"]
[BlackElo "2290"]

1.c4 c6 2.Nf3 d5 3.e3 Nf6 4.Nc3 e6 5.Qc2 Nbd7 6.b3 Bd6 7.Be2 O-O 8.O-O Re8
9.Bb2 e5 10.cxd5 cxd5 11.Nb5 Bb8 12.Rfc1 e4 13.Nfd4 Ne5 14.Nc7 Bxc7 15.Qxc7 Bg4
16.f3 exf3 17.gxf3 Bh3 18.Nb5 Nfd7 19.Qxd8 Rexd8 20.Nc7 Rab8 21.Nxd5 Nc6
22.Nf4 Bf5 23.e4 g5 24.Nd5 Be6 25.Kf2 Bxd5 26.exd5 Nb4 27.Rg1 h6 28.h4 Nc5
29.Bf6 Rxd5 30.hxg5 Nbd3+ 31.Kf1 Ne6 32.gxh6+ Kh7 33.Rg4 Ndf4 34.Bc4 Rf5
35.Bg7 Rd8 36.d4 Nxd4 37.Bxd4 Rxd4 38.Kf2 Rd7 39.Rh1 Ng6 40.Ke3 Re5+ 41.Re4 Rde7
42.Rxe5 Nxe5 43.Kd4 Nxf3+ 44.Kc5 Rd7 45.Rh5 Nd4 46.Bd5  1/2-1/2

[Event "Gibraltar Masters"]
[Site "Catalan Bay ENG"]
[Date "2004.01.31"]
[Round "5"]
[White "Lalic,B"]
[Black "Houska,Jo"]
[Result "1-0"]
[WhiteElo "2518"]
[BlackElo "2370"]

1.c4 c6 2.e4 d5 3.cxd5 cxd5 4.exd5 Nf6 5.Bb5+ Nbd7 6.Nc3 g6 7.d4 Bg7 8.d6 exd6
9.Qe2+ Qe7 10.Bf4 Qxe2+ 11.Ngxe2 a6 12.Bd3 Ke7 13.Rc1 Rd8 14.O-O Nb6 15.Rfe1 Be6
16.Bg5 d5 17.Nf4 Kd7 18.a4 Rac8 19.a5 Na8 20.Na4 h6 21.Nxe6 fxe6 22.Be3 Bf8
23.Bxg6 Bb4 24.Red1 h5 25.f3 Ke7 26.h4 Bxa5 27.Nc5 Rg8 28.Nxb7 Rxc1 29.Rxc1 Bb6
30.Bd3 Rb8 31.Nc5 Nc7 32.b4 Bxc5 33.Rxc5 Nce8 34.Bd2 Rb6 35.Rc8 Nd6 36.Ra8 Nb5
37.Bg6 Nxd4 38.Bg5 e5 39.Re8+ Kd7 40.Rxe5 Nc6 41.Bf5+ Kc7 42.Re6 Nd7 43.Bf4+ Kb7
44.Re8 Ndb8 45.Bd6 Ka8 46.Bc5 Rb7 47.Bc8 Rf7 48.Bxa6 Rf4 49.b5 Rc4 50.Bf2 Ra4  1-0

[Event "X It Chiuso"]
[Site "Montecatini Terme ITA"]
[Date "2004.02.01"]
[Round "11"]
[White "Vezzosi,P"]
[Black "Sabia,C"]
[Result "1/2-1/2"]
[WhiteElo "2355"]
[BlackElo "2148"]

1.c4 c6 2.b3 d5 3.Bb2 Bf5 4.Nf3 e6 5.g3 Nf6 6.Bg2 Nbd7 7.O-O Be7 8.d3 h6
9.Nbd2 O-O 10.Rc1 a5 11.a3 Bh7 12.Rc2 b5 13.cxd5 cxd5 14.Qb1 Rc8 15.Rfc1 Rxc2
16.Qxc2 Qb6 17.Qc7 Bd8 18.Qxb6 Bxb6 19.Nd4 b4 20.axb4 axb4 21.Nc6 Bc5 22.Nf3 Ra8
23.Bxf6 gxf6 24.Bf1 Ra3 25.Nb8 Nxb8 26.Rxc5 Nd7 27.Rc8+ Kg7 28.Nd4 e5 29.Nc6 Rxb3
30.Rc7 Rc3 31.Rxd7 Rxc6 32.Rb7 Rc1 33.Rxb4 Bf5 34.Kg2 d4 35.Rb3 Rc2 36.Rb5 Kg6
37.Ra5  1/2-1/2

[Event "Gibraltar Masters"]
[Site "Catalan Bay ENG"]
[Date "2004.02.02"]
[Round "7"]
[White "Del Rio Angelis,S"]
[Black "Meenakshi,S"]
[Result "1-0"]
[WhiteElo "2504"]
[BlackElo "2328"]

1.c4 c6 2.d4 d5 3.Nf3 Nf6 4.Nc3 g6 5.cxd5 cxd5 6.Bf4 Bg7 7.e3 Nc6 8.h3 O-O
9.Be2 b6 10.Ne5 Bb7 11.Nxc6 Bxc6 12.O-O Qd7 13.a4 Ne4 14.Nxe4 dxe4 15.Ba6 Rfe8
16.Qc2 Bb7 17.Bb5 Rec8 18.Qxe4 Bxe4 19.Bxd7 Rc2 20.f3 Bf5 21.Bxf5 gxf5 22.Rf2 Rac8
23.Rxc2 Rxc2 24.a5 Rxb2 25.axb6 Rxb6 26.Rxa7 Bf8 27.Ra5 e6 28.Be5 f6 29.Bxf6 Bh6
30.f4 Kf7 31.Be5 Rb1+ 32.Kf2 Bf8 33.Ra7+ Kg6 34.Ra8 Kf7 35.Ra7+ Kg6 36.Ra6 Kf7
37.d5 exd5 38.Rf6+ Kg8 39.Rxf5 Bc5 40.Bd4 Bxd4 41.exd4 Rb2+ 42.Kf3 Rb3+ 43.Kg4 Rb5
44.h4 Kg7 45.g3 Ra5 46.Re5 Kf7 47.Kf5 Rb5 48.g4 Rb6 49.Rxd5 Rf6+ 50.Ke4  1-0

[Event "Gibraltar Masters"]
[Site "Catalan Bay ENG"]
[Date "2004.02.02"]
[Round "7"]
[White "Ward,C"]
[Black "Mannion,S"]
[Result "1/2-1/2"]
[WhiteElo "2522"]
[BlackElo "2352"]

1.c4 c6 2.d4 d5 3.Nc3 dxc4 4.e4 b5 5.a4 b4 6.Nce2 Nf6 7.Ng3 e6 8.Bxc4 a5
9.Nf3 Be7 10.O-O Nbd7 11.Qe2 Bb7 12.Rd1 O-O 13.Be3 Nb6 14.Bd3 Qc7 15.Rdc1 Rfc8
16.Bg5 Qd8 17.e5 Nfd5 18.Qd2 Ba6 19.Bxa6 Rxa6 20.Ne4 Ra7 21.Nd6 Rcc7 22.Bxe7 Qxe7
23.Ne4 Ra8 24.g3 Nd7 25.Nc5 N7b6 26.Rc2 Rf8 27.Ng5 h6 28.Nge4 Rd8 29.Re1 Ra7
30.Rcc1 Qc7 31.Nd6 Qe7 32.Nde4 Qc7 33.Qc2 Ne7 34.Nd6 Nbd5 35.Nce4 Rb8 36.Qd2 Qb6
37.Rc5 b3 38.Rc4 Qd8  1/2-1/2

[Event "Scheveningen"]
[Site "Monte Carlo MNC"]
[Date "2004.02.03"]
[Round "2"]
[White "Dorfman,J"]
[Black "Perez,Fl"]
[Result "1-0"]
[WhiteElo "2608"]
[BlackElo "2205"]

1.c4 c6 2.e4 e5 3.Nf3 d6 4.d4 Nd7 5.Nc3 Ngf6 6.Be2 Qc7 7.O-O Be7 8.Rb1 a6
9.b4 O-O 10.Re1 Re8 11.Bf1 Bf8 12.Bd2 b6 13.d5 c5 14.a3 g6 15.Na4 Rb8 16.Rb2 Bg7
17.Qb1 h6 18.g3 Kh7 19.bxc5 bxc5 20.Bd3 Rf8 21.Nh4 Ng8 22.Rxb8 Nxb8 23.Qb6 Qxb6
24.Nxb6 Bf6 25.Nxc8 Rxc8 26.Nf3 Nd7 27.Rb1 Bd8 28.Ne1 Rb8 29.Rxb8 Nxb8 30.f4 f6
31.Nc2 Kg7 32.Ne3 Ne7 33.Kg2 Bc7 34.h4 Bd8 35.Kh3 Bc7 36.Be2 Bd8 37.Bg4 Bc7
38.Be6 Bd8 39.f5 g5 40.Kg4 a5 41.Kh5 Na6 42.Ng4 Nb4 43.Nxf6 Nxf5 44.Ne8+ Kf8
45.Bxf5 Kxe8 46.axb4 cxb4 47.Bg4 gxh4 48.gxh4 b3 49.Bd1 a4 50.Bxh6 Kf7 51.Bg5 b2
52.Bc2 a3 53.Bb1  1-0

[Event "AS04 Centenary"]
[Site "Copenhagen DEN"]
[Date "2004.02.08"]
[Round "2"]
[White "Costello,C"]
[Black "Pedersen,HaD"]
[Result "1/2-1/2"]
[WhiteElo "2041"]
[BlackElo "2198"]

1.c4 c6 2.Nf3 d5 3.g3 Nf6 4.Bg2 g6 5.b3 Bg7 6.Bb2 O-O 7.O-O Bg4 8.d4 Nbd7
9.Nc3 Nb6 10.Ne5 Be6 11.c5 Nbd7 12.Nd3 Bf5 13.b4 e5 14.dxe5 Ng4 15.e4 dxe4
16.Nxe4 Bxe4 17.Bxe4 Ngxe5 18.Nxe5 Nxe5 19.Qc2 Qc7 20.Rfe1  1/2-1/2

[Event "IV Comunic Masters"]
[Site "Sao Paulo BRA"]
[Date "2004.02.09"]
[Round "8"]
[White "Dumont,S"]
[Black "Vera,IJ"]
[Result "0-1"]
[WhiteElo "2341"]
[BlackElo "2338"]

1.c4 c6 2.Nf3 d5 3.cxd5 cxd5 4.d4 Nf6 5.Nc3 Nc6 6.Bf4 Bf5 7.e3 e6 8.Qb3 Qb6
9.Qxb6 axb6 10.Bb5 Nd7 11.O-O f6 12.a3 g5 13.Bg3 h5 14.h4 g4 15.Nd2 Bh6 16.e4 Bg6
17.exd5 exd5 18.Rfe1+ Kf7 19.Nf1 Be4 20.Nxe4 dxe4 21.Rxe4 f5 22.d5 fxe4 23.dxc6 bxc6
24.Bxc6 Ra7 25.Bxe4 Nf6 26.Bd3 Rd8 27.Bc4+ Kg6 28.Re1 Re8 29.Bd3+ Kf7 30.Ne3 Bxe3
31.fxe3 Rae7 32.Bf4 Kg7 33.Rc1 Nd5 34.Bg5 Rxe3 35.Bxe3 Rxe3 36.Bc4 Nf4 37.Kf2 Re4
38.Bf1 Re6 39.Rc7+ Kf6 40.Rh7 Kg6 41.Rb7 Rd6 42.g3 Nh3+ 43.Ke3 Re6+ 44.Kd4 Nf2
45.Bd3+ Kf6 46.Bc2 Nh1 47.Bb3 Rd6+ 48.Ke3 Nxg3 49.Rh7 Nf5+ 50.Ke2 Nd4+ 51.Ke3 Kg6  0-1

[Event "12th Aosta Open"]
[Site "St Vincent ITA"]
[Date "2004.02.09"]
[Round "2"]
[White "Joksic,S"]
[Black "Burmakin,V"]
[Result "1/2-1/2"]
[WhiteElo "2335"]
[BlackElo "2596"]

1.c4 c6 2.Nf3 Nf6 3.d4 d5 4.Qb3 e6 5.Bf4 Nbd7 6.e3 Qa5+ 7.Nc3 Qb4 8.Qxb4 Bxb4
9.Rc1 Nb6 10.Nd2 dxc4 11.Bxc4 Nfd5 12.Bg3 Nxc4 13.Nxc4 b6 14.Nd6+ Ke7 15.Nxc8+ Rhxc8
16.O-O Kd7 17.Ne4 a5 18.a3 Be7 19.Nd2 f6 20.e4 Nc7 21.Nc4 Ra6 22.Rfd1 b5
23.Ne3 Na8 24.d5 cxd5 25.Rxc8 Kxc8 26.exd5 e5 27.f4 e4 28.f5 Kd7 29.Rc1 g6
30.h4 Bd8 31.Kf1 Bc7 32.Bxc7 Nxc7 33.Kf2 a4 34.g4 gxf5 35.gxf5 Rb6 36.Kg3 b4
37.Kf4 bxa3 38.bxa3 Rb3 39.Kxe4 Rxa3 40.Ng4 Ne8 41.Rc6 Ra1 42.Ra6 a3 43.Ne3 Nd6+
44.Kf3 a2 45.Nc2 Rc1 46.Rxa2 Nxf5 47.Nb4 Nxh4+ 48.Ke3 Rc4 49.Ra7+ Ke8 50.Nc6 Nf5+
51.Kd3 Rh4 52.Kc3 h5 53.Rh7 Rh1 54.Nb8 Kd8 55.Nd7 Rc1+ 56.Kd2 Rc7 57.Nxf6  1/2-1/2

[Event "AS04 Centenary"]
[Site "Copenhagen DEN"]
[Date "2004.02.11"]
[Round "5"]
[White "Damm,K"]
[Black "Bromann,T"]
[Result "1-0"]
[WhiteElo "2169"]
[BlackElo "2371"]

1.c4 c6 2.e4 d5 3.exd5 cxd5 4.d4 Nf6 5.Nc3 g6 6.Qb3 dxc4 7.Bxc4 e6 8.Nge2 Bg7
9.O-O O-O 10.d5 exd5 11.Nxd5 Nxd5 12.Bxd5 Nc6 13.Rd1 Qe7 14.Be3 Bg4 15.Rd2 Rad8
16.Nc3 Kh8 17.a3 f5 18.Qa4 Ne5 19.Qb4 Qf6 20.f4 Nf7 21.Bxa7 g5 22.Bd4 Qg6
23.Re1 gxf4 24.Bxg7+ Qxg7 25.Qxf4 Nd6 26.Qd4 Rde8 27.Qxg7+ Kxg7 28.Rxe8 Rxe8
29.Kf2 Re7 30.a4 Bh5 31.Kg3 Rc7 32.Kf4 Be8 33.Rd4 Kg6 34.Bb3 Nc8 35.Bc2 Ne7
36.g4 Kf7 37.gxf5 Nc6 38.Bb3+ Kf8 39.Rd6 Rg7 40.Ne4 Rg2 41.Rd2 Rg1 42.Be6 Rf1+
43.Rf2 Ra1 44.b3 Ke7 45.Bd5 Nb4 46.Bc4 Bf7 47.Nc5 Bxc4 48.bxc4 Rc1 49.Re2+ Kf7
50.Re4 Rf1+ 51.Kg4 Rg1+ 52.Kh4 b6 53.Nd7 Nd3 54.f6  1-0